|
|
|
|
| LEADER |
00000nam a2200000 4500 |
| 001 |
vtls012083041 |
| 003 |
SK-MaSNL |
| 005 |
20260301150816.0 |
| 007 |
co cg auuaa |
| 008 |
220112s2021 xo da gsnf 000 0 slo |
| 020 |
|
|
|a 9788089524600
|q (elektronická kniha)
|
| 040 |
|
|
|a SNK
|b slo
|c SNK
|e rda
|
| 041 |
0 |
|
|a slo
|
| 043 |
|
|
|a e-hu---
|
| 044 |
|
|
|a xo
|c SK
|
| 072 |
|
7 |
|a 81
|x Lingvistika. Jazyky
|2 konspekt
|
| 080 |
|
|
|a 81'1
|2 2011
|
| 080 |
|
|
|a 37.018.8
|2 2011
|
| 080 |
|
|
|a 811.162.4
|2 2011
|
| 080 |
|
|
|a (439)
|2 2011
|
| 080 |
|
|
|a (035)
|2 2011
|
| 080 |
|
|
|a (0.034.44)
|2 2011
|
| 080 |
|
|
|a (0.034.2)
|2 2011
|
| 100 |
1 |
|
|a Ďurkovská, Mária,
|d 1981-
|4 aut
|9 237815
|
| 245 |
1 |
0 |
|a Ako (ne)vyučovať slovenčinu v Maďarsku
|h elektronický zdroj
|c Mária Ďurkovská, Lucia Heldáková, Jozef Výrost
|
| 256 |
|
|
|a Elektronické dokumenty
|
| 264 |
|
1 |
|a Košice
|b Centrum spoločenských a psychologických vied SAV
|c 2021
|
| 300 |
|
|
|a 1 CD-ROM (102 strán)
|b ilustrácie (niektoré farebné), grafy
|c 12 cm
|
| 336 |
|
|
|a text
|b txt
|2 rdacontent
|
| 337 |
|
|
|a počítač
|b c
|2 rdamedia
|
| 338 |
|
|
|a počítačový disk
|b cd
|2 rdacarrier
|
| 500 |
|
|
|a Hlavný názov z obalu
|
| 504 |
|
|
|a Obsahuje bibliografiu ; bibliografické odkazy
|
| 516 |
|
|
|a Text (pdf)
|
| 536 |
|
|
|a Publikácia vznikla v rámci riešenia projektu VEGA č. 2/0012/19 Reflexia slovenského národnostného školstva v Maďarsku v kontexte súčasnosti a ďalších perspektív jeho fungovania
|
| 538 |
|
|
|a Požiadavky na systém: Adobe Acrobat Reader DC
|
| 650 |
0 |
7 |
|a lingvistika
|2 SNKPH
|9 860
|
| 650 |
0 |
7 |
|a vyučovanie
|2 SNKPH
|9 1522
|
| 650 |
0 |
7 |
|a slovenčina
|2 SNKPH
|9 1350
|
| 650 |
0 |
7 |
|a Linguistics
|2 SNKPHeng
|9 265222
|
| 650 |
0 |
7 |
|a Teaching
|2 SNKPHeng
|9 267199
|
| 650 |
0 |
7 |
|a Slovak language
|2 SNKPHeng
|9 266031
|
| 651 |
|
7 |
|a Maďarsko
|2 SNKPHgeo
|9 16754
|
| 651 |
|
7 |
|a Hungary
|2 SNKPHeng
|9 265263
|
| 655 |
|
7 |
|a príručky
|2 SNKPH
|9 74364
|
| 655 |
|
7 |
|a CD-ROM
|2 SNKPH
|9 70236
|
| 655 |
|
7 |
|a elektronické zdroje
|2 SNKPH
|9 90954
|
| 655 |
|
7 |
|a Handbooks, manuals, etc.
|2 SNKPHeng
|9 90964
|
| 655 |
|
7 |
|a Compact Disc Read-only Memory
|2 SNKPHeng
|9 298508
|
| 655 |
|
7 |
|a Electronic resources
|2 SNKPHeng
|9 175546
|
| 700 |
1 |
|
|a Heldáková, Lucia
|4 aut
|9 354997
|
| 700 |
1 |
|
|a Výrost, Jozef,
|d 1951-
|4 aut
|9 186819
|
| 710 |
2 |
|
|a Slovenská akadémia vied.
|b Centrum spoločenských a psychologických vied.
|b Spoločenskovedný ústav
|4 pbl
|9 193262
|
| 919 |
|
|
|a 978-80-89524-60-0
|
| 999 |
|
|
|c 784694
|d 786624
|
| 952 |
|
|
|a SNK
|b SNK
|y NEVYP
|7 1
|p 17A1478829
|o snkSCDM 12124
|i snk2022/1917
|8 0
|0 0
|1 0
|4 0
|d 2022-02-03
|l 0
|r 2026-02-24 01:16:34
|w 2026-02-24
|